000 00721nam a2200169 i 4500
001 134586
003 ES-MaACL
007 t|
008 070912s1949 mx ||||1| spa d
100 1 _aWechsler, Israel S.
_9116275
245 1 0 _aNeurología clínica
_b: con una introducción a la historia de la neurología /
_cIsrael S. Wechsler ; traducción al castellano de la 6ª ed. en inglés, prologada por Gonzalo R. Lafora ; revisión de la traducción por Dionisio Nieto.
260 _aMéxico :
_bEdit. Hispano-Americana,
_c[1949]
300 _aXVI, 646 p., 2 lám. color :
_bil. ;
_c25 cm.
700 1 _aRodríguez Lafora, Gonzalo.
_998594
700 1 _aNieto, Dionisio.
_985655
852 _aES-MaACL
_jE-1602
_bR.28624
999 _c134586
_d134586